Engaged & Enmeshed: Religions in Society in India (Record no. 20619)

MARC details
000 -LEADER
fixed length control field 00319nam a22001217a 4500
082 ## - DEWEY DECIMAL CLASSIFICATION NUMBER
Classification number 200.1 SEK
100 ## - MAIN ENTRY--AUTHOR NAME
Author name Sekhar SJ, Vincent
245 ## - TITLE STATEMENT
Title Engaged & Enmeshed: Religions in Society in India
260 ## - PUBLICATION, DISTRIBUTION, ETC. (IMPRINT)
Place of publication Chennai, Tamilnadu
Name of publisher ICDR, Loyola College
Year of publication 2017
300 ## - PHYSICAL DESCRIPTION
Number of Pages 212
650 ## - SUBJECT ADDED ENTRY--TOPICAL TERM
Topical Term Religion-Sociology
942 ## - ADDED ENTRY ELEMENTS (KOHA)
Koha item type Books
Holdings
Home library Current library Shelving location Date acquired Cost, normal purchase price Full call number Accession Number Koha item type
Henry Martyn Institute Library Henry Martyn Institute Library General stacks 09/08/2017 200.00 200.1 SEK 11003538 Books
                   Copyright © 2026 | Henry Martyn Institute | Hyderabad | TS-500052 | INDIA | Implemented by hmi.edu.in
Hit-Count:

Powered by Koha